| 000 | 00452nab a2200145Ia 4500 | ||
|---|---|---|---|
| 003 | ES-SlBCS | ||
| 005 | 20210601132848.0 | ||
| 008 | 140529s1958 xxu||||| |||| 00| 0 ita d | ||
| 041 | _aita | ||
| 100 | 1 |
_aSancipriano, Mario _972552 |
|
| 245 | 0 | 0 |
_aL'esistenzialismo di Gallo Galli _c Mario Sancipriano |
| 600 | 1 |
_aGalli, Gallo-Existencialismo _9199611 |
|
| 773 | 0 |
_tGiornali di Metafisica _gvol. 13, nº. 3, 1958, págs. 325-331 _w0017-0372 |
|
| 942 | _cAR | ||
| 999 |
_c586826 _d586826 |
||